The british isles : a geographic and economy survey (Record no. 437718)

000 -LEADER
fixed length control field 00408cam a22001337a 4500
008 - FIXED-LENGTH DATA ELEMENTS--GENERAL INFORMATION
fixed length control field 180718b1954 xxu||||| |||| 00| 0 eng d
082 ## - DEWEY DECIMAL CLASSIFICATION NUMBER
Classification number T19x42 St23
100 ## - MAIN ENTRY--PERSONAL NAME
Personal name Stamp, L.Dudley
245 ## - TITLE STATEMENT
Title The british isles : a geographic and economy survey
Statement of responsibility, etc. by L.Dudley Stamp and Stanley H. Beaver
260 ## - PUBLICATION, DISTRIBUTION, ETC.
Place of publication, distribution, etc. London
Name of publisher, distributor, etc. Longmans Green
Date of publication, distribution, etc. 1954
300 ## - PHYSICAL DESCRIPTION
Extent x,780p.
650 ## - SUBJECT ADDED ENTRY--TOPICAL TERM
Topical term or geographic name entry element Economics
700 ## - ADDED ENTRY--PERSONAL NAME
Personal name Beaver, Stanley H.
Holdings
Withdrawn status Lost status Damaged status Not for loan Permanent Location Current Location Date acquired Full call number Barcode Date last seen Price effective from Koha item type
        Indian Institute of Public Administration Indian Institute of Public Administration 2010-03-25 T19x42 St23 1097 2018-07-21 2018-07-21 Book

Powered by Koha